000 00448nam a22001812 4500
001 0000004538
005 20170406115913.0
008 141009s xx 000 0 eng d
020 _c$
040 _aYour Holding Symbol
_cYour Holding Symbol
100 1 _aSwift,Graham.
245 1 0 _aWaterland.
250 _a ed.
260 _alondon :
_bGraham,
_c1983.
300 _a358 p. ;
_c cm.
650 0 _afiction.
908 _a141009
999 _c4361
_d4361